Top 25 Trading Partners - Portugal - Statistics

General Stats
  • This quiz has been taken 77 times
  • The average score is 43 of 50
Answer Stats
Hint Answer % Correct
1st Place: 18,733 Spain
100%
1st Place: 30,059 Spain
100%
10th Place: 1,083 Brazil
99%
11th Place: 1,341 Brazil
99%
2nd Place: 9,430 France
99%
3rd Place: 7,292 France
99%
5th Place: 3,660 United States of America
99%
9th Place: 1,751 United States of America
99%
4th Place: 4,711 United Kingdom
97%
8th Place: 2,404 United KIngdom
97%
9th Place: 1,733 Belgium
96%
7th Place: 2,749 Belgium
96%
13th Place: 845 China
96%
6th Place: 3,002 China
96%
7th Place: 2,821 Netherlands
96%
5th Place: 4,968 Netherlands
96%
3rd Place: 8,511 Germany
95%
2nd Place: 13,241 Germany
95%
6th Place: 3,152 Italy
95%
4th Place: 5,088 Italy
95%
10th Place: 1,700 Russia
95%
22nd Place: 429 Canada
93%
17th Place: 555 Turkey
93%
14th Place: 1,112 Turkey
93%
24th Place: 399 Ireland
92%
23rd Place: 615 Ireland
92%
23rd Place: 407 Mexico
92%
14th Place: 747 Sweden
92%
18th Place: 887 Sweden
92%
19th Place: 856 India
90%
11th Place: 978 Poland
90%
13th Place: 1,123 Poland
90%
16th Place: 688 Austria
89%
15th Place: 735 Switzerland
88%
12th Place: 871 Morocco
85%
18th Place: 535 Denmark
81%
22nd Place: 628 South Korea
81%
25th Place: 384 Finland
79%
8th Place: 1,927 Angola
78%
12th Place: 1,173 Angola
78%
21st Place: 457 Czech Republic
78%
20th Place: 727 Czech Republic
78%
25th Place: 581 Algeria
77%
24th Place: 588 Hungary
77%
19th Place: 523 Romania
75%
17th Place: 891 Saudi Arabia
74%
20th Place: 486 Slovakia
66%
15th Place: 954 Kazakhstan
21%
16th Place: 943 Azerbaijan
14%
21st Place: 640 Equatorial Guinea
8%
No matching quizzes found
Score Distribution
Percent of People with Each Score
Percentile by Number Answered
Your Score History
You have not taken this quiz